| 000 | 00350nam a2200121 a 4500 | ||
|---|---|---|---|
| 005 | 20140414131916.0 | ||
| 008 | 101015s19uu xx 00 eng d | ||
| 050 |
_aER _bSh9 2003 |
||
| 100 | _aGleeson, Libby | ||
| 245 |
_aShutting the chooks in / _cLibby Gleeson and Ann James. |
||
| 260 |
_aNew York : _bScholastic Australia, _c2003. |
||
| 999 |
_c111464 _d111464 |
||